[Event "Biel Chess Festival 2024 - Master tournament"]
[Site "Biel/Bienne"]
[Date "2024.07.18"]
[Round "4"]
[Board "29"]
[White "Boldoo, Erdenepurev"]
[Black "Vincenti, Leonardo"]
[Result "1/2-1/2"]
[WhiteElo "2385"]
[BlackElo "2163"]
[PlyCount "0"]
[EventDate "2024.07.15"]
[EventRounds "10"]
[EventCountry "SUI"]

1. Nf3 d5 2. c4 e6 3. g3 Nf6 4. Bg2 dxc4 5. O-O Be7 6. Qc2 c5 7. Na3 Nc6 8. Nxc4
O-O 9. b3 Qc7 10. Bb2 b5 11. Nce5 Bb7 12. Rac1 Rac8 13. Qb1 Qb8 14. Nxc6 Bxc6 15.
Bxf6 Bxf6 16. Rxc5 Bxf3 17. Rxc8 Rxc8 18. Bxf3 Qe5 19. Qd3 g6 20. e3 b4 21. Qa6 Rc2
22. d4 Qf5 23. Be2 Rd2 24. Rc1 Qe4 25. a3 Bxd4 26. axb4 Bb6 27. Qc8+ Rd8 28. Qc4
Qe5 29. Rc2 Qd6 30. Kg2 Rd7 31. Bf3 Rc7 32. Bc6 Rc8 33. h4 h5 34. b5 Rd8 35. Be4
Qe5 36. Bf3 Kg7 37. Qe2 Rd7 38. Bc6 Rd8 39. Rc4 Qd6 40. Rf4 e5 41. Rc4 Qd2 42. Kf1
Qxe2+ 43. Kxe2 Kf6 44. e4 Rd6 45. Bd5 Kg7 46. Rc8 Rd7 47. Re8 Kf6 48. Rf8 Kg7 49.
Rb8 Kf6 50. f4 Re7 51. Kf3 Ba5 52. Bc4 Bb6 53. Rc8 Rc7 54. Rf8 Re7 55. Rb8 Rc7 56.
Re8 Re7 57. Rf8 Ba5 58. fxe5+ Kg7 59. Rb8 Bc7 60. Rb7 Bd8 61. Rb8 Bc7 62. Rc8 Bxe5
63. Rc6 Bd4 64. Bd5 Bb6 65. g4 hxg4+ 66. Kxg4 Rd7 67. h5 gxh5+ 68. Kxh5 Re7 69. Kg4
Bc7 70. Kf3 Bb6 71. Rc1 Kg6 72. Kf4 Bc7+ 73. Kg4 Bb6 74. Rf1 Bc7 75. Rf5 f6 76. Rf2
Bb6 77. Rc2 Re8 78. Kf4 Re5 79. Rc8 Re7 80. Rg8+ Rg7 81. Re8 Bc7+ 82. Ke3 Kg5 83.
Be6 Bb6+ 84. Kf3 Kg6 85. Kg4 Ba5 86. Rh8 Re7 87. Bd5 Rh7 88. Rg8+ Rg7 89. Rf8 Re7
90. Kf4 Bb6 91. Rg8+ Rg7 92. Re8 Bc7+ 93. Kg4 f5+ 94. Kf3 fxe4+ 95. Kxe4 Bb6 96.
Ke5 Bc7+ 97. Ke6 Kg5 98. Rf8 Rg6+ 99. Kd7 Bb6 100. Bc6 Rf6 101. Rb8 Kf5 102. Rxb6
axb6 103. Kc7 Ke5 104. Kxb6 Kd6 105. Ka6 Kc7 106. Ka5 Kb8  1/2-1/2

[Event "Biel Chess Festival 2024 - Master tournament"]
[Site "Biel/Bienne"]
[Date "2024.07.18"]
[Round "4"]
[Board "33"]
[White "Munguntuul, Batkhuyag"]
[Black "Bommini, Mounika Akshaya"]
[Result "1-0"]
[WhiteElo "2356"]
[BlackElo "2140"]
[PlyCount "0"]
[EventDate "2024.07.15"]
[EventRounds "10"]
[EventCountry "SUI"]

1. e4 c5 2. Nf3 e6 3. d4 cxd4 4. Nxd4 Nf6 5. Bd3 Nc6 6. Nxc6 bxc6 7. Nc3 d5 8. Qe2
Be7 9. O-O O-O 10. b3 Bb7 11. Bb2 d4 12. Nb1 c5 13. f4 c4 14. bxc4 Qb6 15. Nd2 Bxe4
16. Nb3 Rfd8 17. Kh1 Bb7 18. Rad1 Kh8 19. f5 a5 20. fxe6 fxe6 21. a4 Rab8 22. Qe5
Qc6 23. Rd2 Qxa4 24. Bxd4 Qd7 25. Rxf6 Qxd4 26. Nxd4 Bxf6 27. Qh5 g6 28. Bxg6 Rd7
29. Nc6 Bxc6 30. Rxd7 Rb1+ 31. Rd1 Rxd1+ 32. Qxd1 hxg6 33. Qd6  1-0

[Event "Biel Chess Festival 2024 - Master tournament"]
[Site "Biel/Bienne"]
[Date "2024.07.18"]
[Round "4"]
[Board "37"]
[White "Toktomushev, Teimur"]
[Black "Borner, Daniel"]
[Result "1-0"]
[WhiteElo "2300"]
[BlackElo "2075"]
[PlyCount "0"]
[EventDate "2024.07.15"]
[EventRounds "10"]
[EventCountry "SUI"]

1. d4 Nf6 2. c4 g6 3. Nc3 Bg7 4. e4 O-O 5. f3 d6 6. Be3 c5 7. Nge2 Nc6 8. d5 Ne5
9. Ng3 h5 10. Be2 h4 11. Nf1 e6 12. Bg5 Qb6 13. Qd2 exd5 14. Bxf6 Bxf6 15. Nxd5 Qd8
16. Nxf6+ Qxf6 17. Ne3 Nc6 18. O-O Nd4 19. Rad1 Be6 20. f4 Rad8 21. Bd3 Rfe8 22.
f5 gxf5 23. exf5 Bd7 24. Nd5 Qg7 25. f6 Qh8 26. Qg5+ Kf8 27. Rde1 Rxe1 28. Rxe1 Re8
29. Re7 Ne6 30. Qf5 Bc6 31. Rxe8+ Bxe8 32. Nf4 Bd7 33. Nxe6+ Bxe6 34. Qf4 Ke8 35.
Be4 Kd7 36. Bxb7 Qh5 37. Bf3 Qg6 38. Be4 Qh5 39. Bf3 Qg6 40. Be4 Qh5 41. h3 Qe2 42.
Qxh4 Qxb2 43. Qf4 Qd4+ 44. Kh2 Qxc4 45. Kg3 d5 46. Bf3 Qxf4+ 47. Kxf4 d4 48. h4 Ke8
49. a3 Bb3 50. Bc6+ Kf8 51. Ke4 Bc2+ 52. Ke5 Bb3 53. Bb5 Kg8 54. g4 Kh7 55. g5 Kg6
56. Bd3+ Kh5 57. Kd6 Kxh4 58. g6 fxg6 59. Bxg6 d3 60. Bxd3 Kg5 61. Bc2 Ba2 62. Ke7
Kf4 63. Bb1 Bb3 64. f7 Bxf7 65. Kxf7 Ke3 66. Ke6 Kd2 67. Kd5 Kc3 68. a4 Kb3 69. a5
Kb4 70. a6 c4 71. Ke4  1-0

[Event "Biel Chess Festival 2024 - Master tournament"]
[Site "Biel/Bienne"]
[Date "2024.07.18"]
[Round "4"]
[Board "45"]
[White "Demchenko, Svitlana"]
[Black "Monteverde, Jonathan"]
[Result "1-0"]
[WhiteElo "2176"]
[BlackElo "2059"]
[PlyCount "0"]
[EventDate "2024.07.15"]
[EventRounds "10"]
[EventCountry "SUI"]

1. e4 c5 2. Nf3 d6 3. Bb5+ Nd7 4. d4 cxd4 5. Nxd4 Nf6 6. O-O a6 7. Bd3 g6 8. c4 Bg7
9. Nc3 O-O 10. Be3 Ne5 11. h3 Be6 12. b3 Rc8 13. Rc1 Nc6 14. Be2 Nxd4 15. Bxd4 Nd7
16. Bxg7 Kxg7 17. f4 Qb6+ 18. Kh1 f5 19. exf5 gxf5 20. Bf3 Bf7 21. Qd2 Nf6 22. g4
fxg4 23. hxg4 h5 24. f5 Rh8 25. g5 Ng4 26. Ne4 Qe3 27. f6+ exf6 28. gxf6+ Kh6 29.
Qxe3+ Nxe3 30. Nxd6 Rcf8 31. Rfe1 Ng4 32. Re7 Bg6 33. Bxg4 hxg4 34. f7 Bxf7 35. Kg2
Kg6 36. Rf1 Be8 37. Re6+ Kg5 38. Ne4+ Kh4 39. Rh1#  1-0

[Event "Biel Chess Festival 2024 - Master tournament"]
[Site "Biel/Bienne"]
[Date "2024.07.18"]
[Round "4"]
[Board "46"]
[White "Tkhoruk, Roman"]
[Black "Rappazzo, Johannes"]
[Result "0-1"]
[WhiteElo "1965"]
[BlackElo "2169"]
[PlyCount "0"]
[EventDate "2024.07.15"]
[EventRounds "10"]
[EventCountry "SUI"]

1. Nf3 Nf6 2. g3 g6 3. Bg2 Bg7 4. O-O O-O 5. c4 d6 6. Nc3 c5 7. d3 Nc6 8. Bd2 Rb8
9. Qc1 Re8 10. e4 a6 11. a4 Nd7 12. Ne1 Nd4 13. Qd1 Ne5 14. Be3 Nec6 15. Nc2 b5 16.
axb5 axb5 17. Rb1 bxc4 18. dxc4 Ba6 19. Bxd4 cxd4 20. Nb5 Bxb5 21. cxb5 Rxb5 22.
e5 Nxe5 23. Nxd4 Rb4 24. Kh1 Qb6 25. Nc2 Rxb2 26. Rxb2 Qxb2 27. f4 Nd7 28. Bc6 Rc8
29. Qf3 Nb8 30. Be4 Rxc2 31. Bxc2 Qxc2 32. Qb7 Qc6+ 33. Qxc6 Nxc6 34. Rc1 Nd4 35.
Rc8+ Bf8 36. Kg2 Kg7 37. Kf2 e5 38. Ke3 Nf5+ 39. Kf3 h5 40. Re8 exf4 41. Kxf4 d5
42. Ke5 d4 43. Ra8 d3 44. Ke4 d2 45. Ra1 Kf6 46. Kd3 Bh6 47. Ke2 Ne7 48. Ra5 Ke6
49. h3 Nd5 50. Rc5 Ke5 51. Rc8 Kd4 52. Rd8 Kc4 53. Rc8+ Kb3 54. Rb8+ Kc2  0-1

[Event "Biel Chess Festival 2024 - Master tournament"]
[Site "Biel/Bienne"]
[Date "2024.07.18"]
[Round "4"]
[Board "58"]
[White "Malli, Shiivesh Sunil"]
[Black "Kaiser, Elmar"]
[Result "1/2-1/2"]
[WhiteElo "1916"]
[BlackElo "2116"]
[PlyCount "0"]
[EventDate "2024.07.15"]
[EventRounds "10"]
[EventCountry "SUI"]

1. c4 e5 2. Nc3 Nf6 3. g3 d5 4. cxd5 Nxd5 5. Bg2 Nb6 6. Nf3 Nc6 7. d3 Be7 8. O-O
O-O 9. a3 Be6 10. b4 f6 11. Rb1 a5 12. b5 Nd4 13. e3 Nxf3+ 14. Bxf3 Rb8 15. d4 exd4
16. exd4 Nd5 17. Qe1 Kf7 18. Nxd5 Bxd5 19. Bxd5+ Qxd5 20. Bf4 Bxa3 21. Qxa5 Bd6 22.
Bxd6 Qxd6 23. Qa2+ Kg6 24. Qc2+ f5 25. Qc4 Rfe8 26. Rfe1 Qd7 27. d5 Rxe1+ 28. Rxe1
Re8 29. Rxe8 Qxe8 30. Qxc7 Qe1+ 31. Kg2 Qe4+ 32. Kg1 Qxd5 33. b6 h6 34. h4 Qd1+ 35.
Kg2 Qd5+ 36. Kg1 Qe4 37. Qd6+ Kf7 38. Qd7+ Kg8 39. Qc7 Qe1+ 40. Kg2 Qe4+ 41. Kg1
Qe1+ 42. Kg2 Qe4+  1/2-1/2

[Event "Biel Chess Festival 2024 - Master tournament"]
[Site "Biel/Bienne"]
[Date "2024.07.18"]
[Round "4"]
[Board "59"]
[White "Tarini, Goyal"]
[Black "Kheerthi, Ganta"]
[Result "1/2-1/2"]
[WhiteElo "2079"]
[BlackElo "1918"]
[PlyCount "0"]
[EventDate "2024.07.15"]
[EventRounds "10"]
[EventCountry "SUI"]

1. d4 Nf6 2. c4 e6 3. Nc3 Bb4 4. Nf3 d5 5. g3 O-O 6. Bg2 dxc4 7. O-O c5 8. dxc5 Qa5
9. Bg5 Bxc3 10. bxc3 Qxc5 11. Bxf6 gxf6 12. Qd2 Nc6 13. Qf4 Kg7 14. Qg4+ Kh8 15.
Qh4 Kg7 16. Qg4+ Kh8 17. Qh4 Kg7 18. Nd2 Qg5 19. Qxg5+ fxg5 20. Nxc4 Ne7 21. Rfd1
Rb8 22. Ne5 Kf6 23. Ng4+ Kg7 24. Ne5 Kf6 25. Ng4+ Kg7 26. Ne5  1/2-1/2

[Event "Biel Chess Festival 2024 - Master tournament"]
[Site "Biel/Bienne"]
[Date "2024.07.18"]
[Round "4"]
[Board "62"]
[White "Arbinger, Roland"]
[Black "Hornung, Hans"]
[Result "0-1"]
[WhiteElo "2013"]
[BlackElo "1977"]
[PlyCount "0"]
[EventDate "2024.07.15"]
[EventRounds "10"]
[EventCountry "SUI"]

1. d4 Nf6 2. c4 e6 3. Nf3 c5 4. e3 d5 5. cxd5 exd5 6. dxc5 Bxc5 7. Bb5+ Nc6 8. O-O
O-O 9. Nbd2 Qd6 10. Nb3 Bb6 11. h3 Bf5 12. Nbd4 Nxd4 13. exd4 h6 14. Be3 a6 15. Bd3
Be4 16. Ne5 Rfe8 17. Bxe4 Nxe4 18. Rc1 Rac8 19. Qf3 Qe6 20. Nd3 Rc4 21. b3 Rc3 22.
Rxc3 Nxc3 23. Rc1 Bxd4 24. Nf4 Qe4 25. Bxd4 Qxf4 26. Qxf4 Ne2+ 27. Kf1 Nxf4 28. Rc7
Ne6  0-1